Hỏi đáp về thuế giá trị gia tăng

Сохранить в:
Библиографические подробности
Главный автор: Hồ Ngọc Cẩn
Формат:
Язык:Undetermined
Опубликовано: Tp. HCM Tp HCM 1999
Предметы:
Метки: Добавить метку
Нет меток, Требуется 1-ая метка записи!
Thư viện lưu trữ: Trung tâm Học liệu Trường Đại học Cần Thơ
LEADER 00521nam a2200193Ia 4500
001 CTU_52287
008 210402s9999 xx 000 0 und d
020 |b 50000 
082 |a 343.59704 
082 |b C121 
100 |a Hồ Ngọc Cẩn 
245 0 |a Hỏi đáp về thuế giá trị gia tăng 
245 0 |c Hồ Ngọc Cẩn 
260 |a Tp. HCM 
260 |b Tp HCM 
260 |c 1999 
650 |a Value-added tax 
650 |z vietnam 
980 |a Trung tâm Học liệu Trường Đại học Cần Thơ